| 000 | 00669nam a2200241Ia 4500 | ||
|---|---|---|---|
| 001 | 267 | ||
| 005 | 20251205091721.0 | ||
| 008 | 251203t2005||||xx |||||||||||||| ||spa|| | ||
| 020 | _a9972976556 | ||
| 041 | _aESPIN | ||
| 082 |
_a598.0985 _bV915 |
||
| 100 |
_aValqui, Thomas _cAUT |
||
| 245 | 0 | _aPerú, edén natural de aves | |
| 246 |
_aPerú, natural eden of birds5 _bWiddowson, Bud y Margaret |
||
| 250 | _aPrimera edición | ||
| 260 |
_aLima _bGraph & Consult _c2005 |
||
| 300 |
_a199 páginas : _b ilustraciones ; _c 28 cm. |
||
| 650 | _aCIS | ||
| 653 | _aAves terrestres, Perú | ||
| 654 | _aCTP | ||
| 700 |
_aDalton, Milagro _cTRA |
||
| 942 |
_cLIB _dJUS _fMIP _2ddc |
||
| 999 |
_c267 _d267 |
||